Физическое моделирование электромагнитных механизмов

Dades bibliogràfiques
Autor principal: Пеккер И. И.
Idioma:rus
Publicat: Москва, Энергия, 1969
Col·lecció:Библиотека по автоматике Вып. 356
Matèries:
Format: MixedMaterials Llibre
KOHA link:https://koha.lib.tpu.ru/cgi-bin/koha/opac-detail.pl?biblionumber=147823

MARC

LEADER 00000nam0a2200000 4500
001 147823
005 20231031145202.0
035 |a (RuTPU)RU\TPU\book\160222 
090 |a 147823 
100 |a 20081120d1969 km y0rusy50 ca 
101 0 |a rus 
102 |a RU 
105 |a a z 001zy 
200 1 |a Физическое моделирование электромагнитных механизмов  |f И. И. Пеккер 
210 |a Москва  |c Энергия  |d 1969 
215 |a 64 с.  |c ил. 
225 1 |a Библиотека по автоматике  |v Вып. 356 
320 |a Библиогр.: с. 63-64. 
610 1 |a электромагнитные механизмы 
610 1 |a моделирование 
610 1 |a понятия 
610 1 |a подобие 
610 1 |a теоремы 
675 |a 621.318.3.001.57  |v 3 
700 1 |a Пеккер  |b И. И. 
801 1 |a RU  |b 63413507  |c 20081120  |g PSBO 
801 2 |a RU  |b 63413507  |c 20230124  |g PSBO 
942 |c BK